[Event "Lisbon Portugal op"]
[Site "Lisbon"]
[Date "2019.02.02"]
[Round "1"]
[White "Annaberdiev, Meilis"]
[Black "Thibault, Pierre Olivier"]
[Result "1-0"]
[WhiteElo "2522"]
[BlackElo "1994"]
[PlyCount "75"]
[EventDate "2019.02.02"]
[EventType "swiss"]
[EventRounds "9"]
[EventCountry "POR"]
[SourceTitle "CBM 188 Extra"]
[Source "ChessBase"]
[SourceDate "2019.02.26"]
[SourceVersion "1"]
[SourceVersionDate "2019.02.26"]
[SourceQuality "1"]

1. e4 c5 2. Nf3 d6 3. Bb5+ Nd7 4. d4 Ngf6 5. Nc3 cxd4 6. Qxd4 e5 7. Qd3 h6 8. a4 a6 9. Bc4 Qc7 10. Be3 Nc5 11. Bxc5 Qxc5 12. 0-0 Bd7 13. b4 Qc7 14. Nd5 Nxd5 15. Bxd5 Be7 16. a5 Rc8 17. c4 b5 18. axb6 Qxb6 19. c5 dxc5 20. Bxf7+ Kxf7 21. Nxe5+ Kg8 22. Qxd7 Rc7 23. Rxa6 Qxa6 24. Qxc7 Qe6 25. bxc5 Kh7 26. Nf3 Rc8 27. Qb6 Qxe4 28. Re1 Bxc5 29. Qxh6+ Kxh6 30. Rxe4 Bb4 31. g3 Bc3 32. Re6+ Bf6 33. h4 Kh5 34. Kg2 Rc2 35. Rd6 Be7 36. Rd5+ Kh6 37. Nd4 Rc5 38. Nf5+ 1-0

[Event "Sables d'Olonne op 3rd"]
[Site "Sables d'Olonne"]
[Date "2016.07.16"]
[Round "1"]
[White "Thibault, Pierre Olivier"]
[Black "Tirard, Hugo"]
[Result "0-1"]
[WhiteElo "2049"]
[BlackElo "2452"]
[PlyCount "80"]
[EventDate "2016.07.16"]
[EventType "swiss"]
[EventRounds "9"]
[EventCountry "FRA"]
[SourceTitle "CBM 173 Extra"]
[Source "ChessBase"]
[SourceDate "2016.08.29"]
[SourceVersion "1"]
[SourceVersionDate "2016.08.29"]
[SourceQuality "1"]

1. e4 c5 2. Nf3 Nc6 3. d4 cxd4 4. Nxd4 e5 5. Nb5 d6 6. c4 g6 7. Be2 a6 8. N5c3 Nf6 9. 0-0 Bg7 10. Be3 0-0 11. Nd2 Be6 12. b4 Rc8 13. Nd5 Nd7 14. Rb1 f5 15. f3 Nd4 16. Nb3 Nxe2+ 17. Qxe2 fxe4 18. fxe4 Rxf1+ 19. Qxf1 Bxd5 20. exd5 Qh4 21. Nd2 Nf6 22. Qe2 Ng4 23. g3 Qh5 24. Ne4 Nxe3 25. Qxe3 Rxc4 26. Rf1 Rc2 27. h4 Qg4 28. Rf2 Qd1+ 29. Rf1 Qxd5 30. Qf3 Kh8 31. Rd1 Qxa2 32. Nxd6 h6 33. h5 Rd2 34. Nf7+ Kg8 35. Rxd2 Qxd2 36. hxg6 Qc1+ 37. Qf1 Qxf1+ 38. Kxf1 Bf8 39. Ke2 Kg7 40. Kd3 Bxb4 0-1

[Event "Avoine op 30th"]
[Site "Avoine"]
[Date "2015.07.18"]
[Round "8"]
[White "Thibault, Pierre Olivier"]
[Black "Lukasiewicz, Grzegorz"]
[Result "1/2-1/2"]
[WhiteElo "2011"]
[BlackElo "2245"]
[PlyCount "35"]
[EventDate "2015.07.18"]
[EventType "swiss"]
[EventRounds "9"]
[EventCountry "FRA"]
[SourceTitle "EXT 2016"]
[Source "ChessBase"]
[SourceDate "2015.10.08"]
[SourceVersion "1"]
[SourceVersionDate "2015.10.08"]
[SourceQuality "1"]

1. e4 e5 2. Nf3 Nc6 3. Bb5 g6 4. d4 exd4 5. 0-0 Bg7 6. Bg5 Nge7 7. c3 h6 8. Bh4 g5 9. Bg3 a6 10. Ba4 d6 11. Nxd4 Bd7 12. Na3 Nxd4 13. cxd4 Bxa4 14. Qxa4+ Qd7 15. Qd1 Nc6 16. Nc2 0-0 17. d5 Ne7 18. Nd4 1/2-1/2

[Event "Rochefort op 14th"]
[Site "Rochefort"]
[Date "2015.02.24"]
[Round "6"]
[White "Thibault, Pierre Olivier"]
[Black "Coimbra, Margarida Goncalves"]
[Result "1/2-1/2"]
[WhiteElo "2009"]
[BlackElo "2125"]
[PlyCount "24"]
[EventDate "2015.02.21"]
[EventType "swiss"]
[EventRounds "9"]
[EventCountry "FRA"]
[SourceTitle "CBM 165 Extra"]
[Source "ChessBase"]
[SourceDate "2015.04.21"]
[SourceVersion "1"]
[SourceVersionDate "2015.04.21"]
[SourceQuality "1"]

1. e4 e5 2. Bc4 Nf6 3. d3 Nc6 4. Nc3 Na5 5. Nge2 c6 6. Bg5 b5 7. Bb3 Be7 8. Ng3 d6 9. f3 h6 10. Bd2 Nxb3 11. axb3 d5 12. 0-0 0-0 1/2-1/2

[Event "Rochefort op 14th"]
[Site "Rochefort"]
[Date "2015.02.22"]
[Round "2"]
[White "Haussernot, Cecile"]
[Black "Thibault, Pierre Olivier"]
[Result "1/2-1/2"]
[WhiteElo "2162"]
[BlackElo "2009"]
[PlyCount "80"]
[EventDate "2015.02.21"]
[EventType "swiss"]
[EventRounds "9"]
[EventCountry "FRA"]
[SourceTitle "CBM 165 Extra"]
[Source "ChessBase"]
[SourceDate "2015.04.21"]
[SourceVersion "1"]
[SourceVersionDate "2015.04.21"]
[SourceQuality "1"]

1. e4 c5 2. Nc3 Nc6 3. Nf3 g6 4. d4 cxd4 5. Nxd4 Bg7 6. Be3 Nf6 7. Bc4 Qa5 8. 0-0 0-0 9. Bb3 Ng4 10. Qxg4 Nxd4 11. f4 d6 12. Qh4 Bf6 13. Qf2 Nc6 14. f5 gxf5 15. exf5 Kh8 16. Ne4 Qe5 17. Ng5 Qxe3 18. Qxe3 Bd4 19. Qxd4+ Nxd4 20. Nxf7+ Kg7 21. f6+ exf6 22. Nxd6 Rd8 23. Ne4 Bf5 24. Ng3 Bg6 25. Rf2 Rac8 26. h4 Rc5 27. Re1 Rd7 28. h5 Bxc2 29. Bxc2 Rxc2 30. Rf4 Rd2 31. h6+ Kg6 32. Rg4+ Kxh6 33. Re3 Rd5 34. Kh2 Re5 35. Rc3 Rg5 36. Rf4 Kg6 37. Rxf6+ Kxf6 38. Ne4+ Kf5 39. Nxd2 Rh5+ 40. Rh3 Rxh3+ 1/2-1/2

[Event "Avoine op 26th"]
[Site "Avoine"]
[Date "2011.07.29"]
[Round "7"]
[White "Maleki, Manuel"]
[Black "Thibault, Pierre Olivier"]
[Result "1-0"]
[WhiteElo "2275"]
[BlackElo "1993"]
[PlyCount "75"]
[EventDate "2011.07.23"]
[EventType "swiss"]
[EventRounds "9"]
[EventCountry "FRA"]
[SourceTitle "EXT 2012"]
[Source "ChessBase"]
[SourceDate "2011.11.24"]
[SourceVersion "1"]
[SourceVersionDate "2011.11.24"]
[SourceQuality "1"]

1. Nf3 d6 2. d4 Nd7 3. c4 g6 4. e4 Bg7 5. Be2 e5 6. 0-0 Ne7 7. Nc3 a5 8. Re1 exd4 9. Nxd4 Nc5 10. Ndb5 0-0 11. Bf1 Ra6 12. Be3 Nc6 13. Qd2 Be6 14. Rad1 b6 15. f3 Ra8 16. Nd5 Rc8 17. b3 Re8 18. Rb1 Ne5 19. Ndc3 f5 20. Nd5 Bd7 21. exf5 gxf5 22. Nd4 Qh4 23. Rbd1 h6 24. a3 Rf8 25. b4 axb4 26. axb4 Ne6 27. Bf2 Nxd4 28. Bxh4 Ndxf3+ 29. gxf3 Nxf3+ 30. Kh1 Nxd2 31. Rxd2 Bc6 32. Bg2 Kh8 33. Rf1 b5 34. Ne7 Bxg2+ 35. Rxg2 bxc4 36. Nxc8 Rxc8 37. Rxf5 c3 38. Bf6 1-0

[Event "Avoine op 26th"]
[Site "Avoine"]
[Date "2011.07.23"]
[Round "1"]
[White "Gerard, Nicolas"]
[Black "Thibault, Pierre Olivier"]
[Result "0-1"]
[WhiteElo "2289"]
[BlackElo "1993"]
[PlyCount "80"]
[EventDate "2011.07.23"]
[EventType "swiss"]
[EventRounds "9"]
[EventCountry "FRA"]
[SourceTitle "EXT 2012"]
[Source "ChessBase"]
[SourceDate "2011.11.24"]
[SourceVersion "1"]
[SourceVersionDate "2011.11.24"]
[SourceQuality "1"]

1. d4 Nf6 2. c4 c5 3. d5 b5 4. cxb5 a6 5. e3 e6 6. Nc3 exd5 7. Nge2 Bb7 8. Nf4 Bd6 9. bxa6 Nxa6 10. Nfxd5 Nxd5 11. Nxd5 0-0 12. Be2 c4 13. Bxc4 Nb4 14. e4 Qh4 15. Ne3 Qxe4 16. Be2 Qg6 17. 0-0 Rac8 18. a3 Nc2 19. Bh5 Qg5 20. Qxd6 Nxe3 21. Qg3 Qxg3 22. hxg3 Nxf1 23. Kxf1 Rc5 24. Be2 Rfc8 25. Be3 Rc2 26. b4 d5 27. a4 d4 28. Bf4 f6 29. Bd3 R2c3 30. Ke2 Rb3 31. b5 Rb2+ 32. Kf1 Rc3 33. Bf5 Bd5 34. Bc1 Bc4+ 35. Kg1 Re2 36. Bf4 g5 37. Bd6 d3 38. Bg4 d2 39. Bxe2 Rc1+ 40. Kh2 Bxe2 0-1

[Event "FRA-chT2 0910"]
[Site "France"]
[Date "2009.10.17"]
[Round "2.7"]
[White "Thibault, Pierre Olivier"]
[Black "Gaudineau, Gilles"]
[Result "1/2-1/2"]
[WhiteElo "1990"]
[BlackElo "2070"]
[PlyCount "146"]
[EventDate "2009.09.27"]
[EventType "team-tourn"]
[EventRounds "11"]
[EventCountry "FRA"]
[SourceTitle "EXT 2011"]
[Source "ChessBase"]
[SourceDate "2010.11.26"]
[SourceVersion "1"]
[SourceVersionDate "2010.11.26"]
[SourceQuality "1"]

1. e4 e5 2. Nf3 Nc6 3. Bb5 a6 4. Ba4 Nf6 5. 0-0 b5 6. Bb3 Be7 7. Re1 d6 8. c3 Bg4 9. d4 exd4 10. cxd4 0-0 11. Qd3 Bxf3 12. gxf3 Nb4 13. Qc3 c5 14. d5 a5 15. a3 Na6 16. f4 c4 17. Bc2 Rc8 18. Qf3 g6 19. Nc3 Qd7 20. e5 Nh5 21. e6 Qb7 22. f5 b4 23. axb4 axb4 24. Ne4 fxe6 25. dxe6 Nc5 26. Qg4 Nxe4 27. Bxe4 d5 28. Bb1 Nf6 29. Qg2 c3 30. bxc3 bxc3 31. Bd3 Kh8 32. Be3 Qb4 33. Qh3 Qg4+ 34. Qxg4 Nxg4 35. Bd4+ Bf6 36. e7 Rg8 37. Bxf6+ Nxf6 38. fxg6 hxg6 39. Ra6 Ne8 40. Kf1 Rc7 41. Rae6 c2 42. Rc1 Rg7 43. Rxc2 Rgxe7 44. Rxe7 Rxe7 45. Bxg6 Kg7 46. Bd3 Nf6 47. Rc5 Ra7 48. Kg2 Kf7 49. Rc3 Ke6 50. Rc6+ Ke7 51. Bf5 Ra2 52. Re6+ Kf7 53. Rb6 Ke7 54. Rb4 Kd6 55. h4 Ke5 56. Bb1 Rd2 57. Kf3 Rd1 58. Bc2 Rc1 59. Bg6 Rg1 60. h5 Ng8 61. Rb8 Ne7 62. Re8 Kf6 63. Bd3 Rh1 64. Rh8 Rh3+ 65. Ke2 Kg7 66. Rh7+ Kf6 67. Rh6+ Kg7 68. Re6 Kf7 69. Re5 Kf6 70. f4 Rh2+ 71. Ke3 Rh3+ 72. Ke2 Rh4 73. Ke3 Rh3+ 1/2-1/2

[Event "FRA-chT2 0304"]
[Site "France"]
[Date "2004.04.04"]
[Round "11"]
[White "Castaignet, Laurent"]
[Black "Thibault, Pierre Olivier"]
[Result "0-1"]
[WhiteElo "2198"]
[BlackElo "2090"]
[PlyCount "66"]
[EventDate "2003.10.??"]
[EventType "team"]
[EventRounds "11"]
[EventCountry "FRA"]
[SourceTitle "EXT 2005"]
[Source "ChessBase"]
[SourceDate "2004.11.15"]
[SourceVersion "1"]
[SourceVersionDate "2004.11.15"]
[SourceQuality "1"]

1. e4 c5 2. Nf3 d6 3. c3 Nf6 4. h3 Nc6 5. Bd3 g6 6. Bc2 Bg7 7. 0-0 Bd7 8. Re1 Nh5 9. d3 Qc8 10. Nbd2 0-0 11. Nf1 e5 12. Be3 h6 13. N3h2 Nf4 14. Bxf4 exf4 15. Nf3 g5 16. Rc1 Bxh3 17. gxh3 Qxh3 18. N3h2 Ne5 19. d4 f3 20. Ne3 g4 21. dxe5 Bxe5 22. Nhxg4 Kh8 23. Qxf3 Qxf3 24. Nxe5 dxe5 25. Nf5 Rg8+ 26. Kf1 Rg2 27. Re2 Rag8 28. Ke1 Rg1+ 29. Kd2 Rxc1 30. Re3 Rxc2+ 31. Kxc2 Qxf2+ 32. Re2 Qxe2+ 33. Kc1 Rg1# 0-1